000 00767nam a2200265Ia 4500
003 OSt
005 20220918213456.0
006 a|||||r|||| 00| 0
007 ta
008 220917b |||||||| |||| 00| 0 eng d
024 _a132,908
037 _cTextual
040 _aARTS
_cARTS
_beng
041 _2eng
_aeng
082 _aX61:7, L6
100 _aHayek F A
_930001
245 0 _aDenatonalisation of money
_b An analysis to the theory and practice of concurrent currencies
260 _aSussex
_bInstitute of Economic Affairs
_c1976
300 _a107p. figures
_ccm.
490 _aHobart paper special; 70
500 _aBibliograpy p103-107
650 _aECONOMICS
942 _hX61:7, L6
_cTEXL
_2CC
999 _c256018
_d256018